000 00596nam a22001817a 4500
003 UA-OsUOA
001 10019
007 ta
008 20041206b un ||||| |||| 00| 0 ukr d
100 _aЗимовець В.
942 _cSA
040 _aUA-OsUOA
_cUA-OsUOA
_dUA-OsUOA
245 _aМісце фінансового сектора в сучасних концепціях інституціальної організації економіки
300 _aС.15-26
955 _a0
773 0 _w0
_tЕкономіка України
_dКиїв
_d2004
_g№11
650 7 _aУкраїна
_2UDC
999 _c296180
_d296180